000 00880 a2200265 4500
005 20251126171741.0
008 251126b |||||||| |||| 00| 0 eng d
020 _a9781509559206 (hbk)
037 _cTB
040 _aAL
_cAL
041 _2eng
_aeng
084 _aE140 R4
_qAL
100 _aBensaude-Vincent, Bernadette
_9821623
245 _aCarbon:
_ba biography
260 _aCambridge, USA:
_bPolity Press,
_c2024.
300 _axi, 284p.
365 _b35.00
_cUKP
650 _aCarbon
_9853100
650 _aPhysics
_9853101
650 _aCarbon Cosmogony
_9853102
700 _aLoeve, Sacha
_eauthor.
_9853103
700 _aMueke, Stephen
_etranslator.
_9853104
942 _cTB
_2CC
_n0
_hE140 R4
999 _c1435605
_d1435605